[Event "George Town op"]
[Site "George Town"]
[Date "2024.05.04"]
[Round "1"]
[White "Tari, Aryan"]
[Black "Eisenhauer, Stephen E"]
[Result "1-0"]
[WhiteElo "2636"]
[BlackElo "1869"]
[PlyCount "51"]
[EventDate "2024.05.04"]
[EventType "swiss"]
[EventRounds "6"]
[EventCountry "CAY"]
[SourceTitle "CB20_2024"]
[SourceDate "2024.05.16"]
[SourceVersion "1"]
[SourceVersionDate "2024.05.16"]
[SourceQuality "1"]

1. c4 c6 2. Nf3 d5 3. e3 Nf6 4. Qc2 Bg4 5. Ne5 Bh5 6. cxd5 cxd5 7. Bb5+ Nbd7 8. Nxd7 Nxd7 9. Qf5 Bg6 10. Qxd5 a6 11. Bxd7+ Qxd7 12. Qxd7+ Kxd7 13. Ke2 e5 14. Nc3 Bb4 15. Nd5 Ba5 16. b4 Kd6 17. e4 Bd8 18. d3 f6 19. Bb2 Bf7 20. Ne3 Bb6 21. Nc4+ Bxc4 22. dxc4 Kc6 23. Rhd1 Rhd8 24. Rd5 a5 25. b5+ Kc7 26. c5 1-0

[Event "Pan American Intercollegiate-chT"]
[Site "Chess.com INT"]
[Date "2021.01.04"]
[Round "3"]
[White "Bellissimo, Joseph F"]
[Black "Eisenhauer, Stephen E"]
[Result "0-1"]
[WhiteElo "2203"]
[BlackElo "1665"]
[PlyCount "144"]
[EventDate "2021.01.04"]
[EventType "team-swiss (rapid)"]
[EventRounds "9"]
[EventCountry "USA"]
[SourceTitle "CBM 200 Extra"]
[Source "ChessBase"]
[SourceDate "2021.03.31"]
[SourceVersion "1"]
[SourceVersionDate "2021.03.31"]
[SourceQuality "1"]
[WhiteTeam "Toronto"]
[BlackTeam "Chicago Univ II"]
[WhiteTeamCountry "CAN"]
[BlackTeamCountry "USA"]

1. e4 e5 2. Nf3 Nc6 3. Bc4 Bc5 4. c3 Nf6 5. d3 d6 6. Bb3 h6 7. h3 0-0 8. 0-0 Bb6 9. Re1 Ne7 10. d4 Ng6 11. Nbd2 Be6 12. Nc4 Bxc4 13. Bxc4 Nd7 14. Be3 Kh8 15. Qd2 Nf6 16. Bxh6 gxh6 17. Qxh6+ Nh7 18. h4 Qf6 19. Ng5 Qg7 20. Qh5 Nf4 21. Qf3 Nxg5 22. hxg5 Qxg5 23. g3 Qh5 24. Qe3 Rg8 25. Bf1 Rg7 26. Bg2 Rag8 27. Rad1 Rh7 28. Qf3 Qh6 29. Kf1 Nxg2 30. Kxg2 Qh2+ 31. Kf1 Qh1+ 32. Ke2 Qxf3+ 33. Kxf3 f6 34. Ke3 Rg6 35. Kd3 Rh2 36. Re2 Kg7 37. b4 Rgh6 38. a4 a5 39. b5 Rh1 40. Ree1 Rxe1 41. Rxe1 Rh2 42. Ke3 Kg6 43. Rd1 Kg5 44. Kf3 Rh8 45. Kg2 f5 46. dxe5 dxe5 47. Rd5 Re8 48. f4+ Kg4 49. exf5 exf4 50. gxf4 Kxf4 51. f6 Rf8 52. c4 Ke4 53. Rd7 Rxf6 54. c5 Rg6+ 55. Kh1 Bxc5 56. Rxc7 Rg1+ 57. Kh2 Bd6+ 58. Kxg1 Bxc7 59. Kf2 Kd4 60. Ke2 Kc4 61. Kd2 Kb4 62. b6 Bxb6 63. Kc2 Kxa4 64. Kb1 Kb3 65. Ka1 a4 66. Kb1 a3 67. Ka1 Bd4+ 68. Kb1 a2+ 69. Kc1 a1Q+ 70. Kd2 Qc3+ 71. Ke2 Qe3+ 72. Kd1 Qf2 0-1

[Event "Pan American Intercollegiate-chT"]
[Site "Chess.com INT"]
[Date "2021.01.04"]
[Round "1"]
[White "Hevia Alejano, Carlos Antonio"]
[Black "Eisenhauer, Stephen E"]
[Result "1-0"]
[WhiteElo "2467"]
[BlackElo "1665"]
[PlyCount "81"]
[EventDate "2021.01.04"]
[EventType "team-swiss (rapid)"]
[EventRounds "9"]
[EventCountry "USA"]
[SourceTitle "CBM 200 Extra"]
[Source "ChessBase"]
[SourceDate "2021.03.31"]
[SourceVersion "1"]
[SourceVersionDate "2021.03.31"]
[SourceQuality "1"]
[WhiteTeam "Texas Dallas Univ III"]
[BlackTeam "Chicago Univ II"]
[WhiteTeamCountry "USA"]
[BlackTeamCountry "USA"]

1. d4 d5 2. c4 c6 3. Nf3 Nf6 4. e3 e6 5. Bd3 Bd6 6. b3 0-0 7. 0-0 Nbd7 8. Bb2 b6 9. Nc3 Bb7 10. Qc2 h6 11. Rad1 Rc8 12. e4 dxe4 13. Nxe4 Bb8 14. Ba3 Re8 15. Nd6 Bxd6 16. Bxd6 Nf8 17. Ba3 Qc7 18. Bb2 Qf4 19. Ne5 Ng4 20. g3 Qg5 21. h4 Qh5 22. Be2 f5 23. Nxg4 fxg4 24. Qe4 Qf5 25. Qxg4 Nd7 26. d5 Qxg4 27. Bxg4 cxd5 28. cxd5 Nc5 29. dxe6 Re7 30. Ba3 Rce8 31. Bxc5 bxc5 32. Rd6 Bc8 33. Re1 g6 34. f4 Kg7 35. Rc6 Kf6 36. Rxc5 Bxe6 37. Rc6 Kf7 38. Rcxe6 Rxe6 39. Rxe6 Rxe6 40. Bxe6+ Kxe6 41. Kf2 1-0